000 00572nam a2200229Ia 4500
003 OSt
005 20220918203057.0
006 a|||||r|||| 00| 0
007 ta
008 220917b |||||||| |||| 00| 0 eng d
024 _a105,866
037 _cTextual
040 _aARTS
_cARTS
_beng
041 _2eng
_aeng
082 _aV3:24wN00, K4
100 _aKilmuir Earl Of
_9106693
245 0 _aMemoirs
_b political adventure
260 _c1964
650 _aHISTORY
942 _hV3:24wN00, K4
_cTEXL
_2CC
999 _c229224
_d229224